| 000 | 00473nam a2200133 a 4500 | ||
|---|---|---|---|
| 008 | 120416s1969 ||||||||||||||||| || u | ||
| 050 | _aNA 1348 Bac | ||
| 100 | _aBachmann, Jul | ||
| 245 | 1 | 0 | _aNew directions in Swiss architecture |
| 260 |
_aLondon _bStudio Vista _c1969 |
||
| 300 | _a128p. : ill. | ||
| 350 | _a0.00 | ||
| 995 |
_D0.00 _FCBU-MAIN LIBRARY (Kitwe) _H1 _I5.00 _M1 _UAVAILABLE _ZAnnex Low-Usage Collection |
||
| 999 |
_c52115 _d52115 |
||